01601nam a2200277 a 4500001001000000005001700010008004100027041000800068044000700076084002100083100004500104245009500149260003600244300001700280440004100297500036600338500004800704500027000752500001001022650005201032650005601084650003401140650004501174700005401219740005001273BRCA_272920190320203937.0031208s1894----sp-#---###---#000-0#spa-u aspa asp a223b.H476c18941 aCervantes Saavedra, Miguel ded1547-161610aEl Ingenioso Hidalgo Don Quijote de la Manchaccompuesto por Miguel de Cervantes Saavedra. aMadridbViuda de Hernandoc1894 a8 v.c19 cm. 0aBiblioteca clásicanclxxx-clxxxvii aContenido : v 1. Primera parte. Advertencia de los editores. Juicio crítico del comentario de Clemencín por Alberto Lista. Prólogo del autor. Dedicatoria del autor. Versos preliminares. Texto. -- v 2. Texto. -- v 3. Texto. -- v 4. Texto. -- v 5. Segunda parte. Dedicatoria del autor. Prólogo del autor. Texto. -- v 6. Texto. -- v 7. Texto. -- v 8. Texto aEdición : Comentada por Diego Clemencín aEs una edición plagada de erratas, de la edición comentada por Diego Clemencín. Contiene también el juicio crítico del comentario de Clemencín escrito por Alberto Lista. Forma parte de la Biblioteca Clásica, tomos CLXXX-CLXXXVII. Tela Lúdovik Osterc aQM21314aNovela españolayÉpoca clásica, 1500-170014aLiteratura españolayÉpoca clásica, 1500-170014aNovela españolaySiglo XVII14aDon Quijote (Personaje ficticio)eNovela1 aClemencín y Viñas, Diegod1785-1834eAnotador0 aEl Ingenioso Hidalgo Don Quijote de la Mancha